TOUS les Pays d'Amérique du Sud - Statistiques

Statistiques générales
  • Ce quiz a été pris 443 fois
  • Le résultat moyen est 12 sur 14
Réponses sur la Carte
Les réponses sont colorées sur une échelle allant du rouge au vert en fonction du pourcentage des utilisateurs qui les ont devinées à leur premier essai. Vous pouvez retrouver ces pourcentages ci-dessous.
 
Statistiques - réponses
Réponse % Correct
Brésil
99%
Argentine
98%
Chili
96%
Uruguay
94%
Colombie
93%
Pérou
92%
Paraguay
91%
Venezuela
91%
Bolivie
90%
Équateur
87%
Guyana
82%
Suriname
80%
France (Guyane française)
72%
Royaume-Uni (Îles Falkland, Géorgie du Sud et Îles Sandwich du Sud)
40%
Aucun quiz correspondant
Distribution des résultats
% des personnes avec chaque résultat
Percentile par nombre de réponses
Votre historique - résultats
Vous n’avez pas pris ce quiz